The forests of India

Bibliographic Details
Main Author: STEBBING 1870-1960
Other Authors: CHAMPION 1891-, Osmaston
Format: Book
Published: London] : Oxford University Press , 1962
Subjects:

MARC

LEADER 00000cam a2200000 7i4500
001 0000001373
005 20010611.0
090 0 0 |a 333.750954   |b STE 1962 
100 1 0 |a STEBBING   |h Edward Percy   |c 1870-1960 
245 1 4 |a The forests of India   |c by E.P. Stebbing, edited by Harry Champion and F. C. Osmaston 
260 0 0 |a London] :   |b Oxford University Press ,   |c 1962 
300 |a v., plates, map ;   |c 22 cm. 
650 0 0 |a Forests and forestry   |z Burma 
650 0 0 |a Forests and forestry   |z India 
650 0 0 |a Forests and forestry   |z Pakistan 
700 0 1 |a CHAMPION   |h Harry George   |f Sir ,   |c 1891- 
700 0 1 |a Osmaston   |h Fitzwalter Camplyon 
998 |a JPSM 
999 |a 0000002700   |b Monograph   |c Open Shelf   |e Default branch